The mystery of the missing babies
| Main Author: | |
|---|---|
| Format: | Book |
| Published: |
P.Jaya :
Pustaka Siswa Moden ,
1995
|
| Series: | The Young Mystery series
|
| Subjects: |
MARC
| LEADER | 00000cam a2200000 7i4500 | ||
|---|---|---|---|
| 001 | 0000006170 | ||
| 002 | 000006661 | ||
| 005 | 20080401.0 | ||
| 020 | |a 9839810456 | ||
| 090 | 0 | 0 | |a JF |b KUM |
| 100 | 0 | |a Kumara Velu | |
| 245 | 1 | 4 | |a The mystery of the missing babies |c Kumala Vellu |
| 260 | |a P.Jaya : |b Pustaka Siswa Moden , |c 1995 | ||
| 300 | |a 37p. : |b ill ; |c 17cm. | ||
| 490 | 0 | |a The Young Mystery series | |
| 650 | 0 | 0 | |a Children's stories |
| 999 | |a 038502 |b BUKU |c PINJAMAN |e PERPUSTAKAAN KOMUNITI PETALING JAYA | ||